|
|
|
|
| LEADER |
00777nam a2200253 a 4500 |
| 001 |
000427060 |
| 003 |
CZ BrMZK |
| 005 |
20110311143241.0 |
| 007 |
ta |
| 008 |
990305s1985 xo f slo d |
| 040 |
|
|
|a BOA001
|b cze
|
| 041 |
1 |
|
|a slo
|h cze
|
| 080 |
|
|
|a 885.0-312.6=854
|2 MRF
|
| 100 |
1 |
|
|a Kožík, František,
|d 1909-1997
|7 jk01062651
|4 aut
|
| 245 |
1 |
0 |
|a Josef Mánes /
|c František Kožík ; Z čes. orig. prel. Naďa Szabová
|
| 250 |
|
|
|a 1. vyd.
|
| 260 |
|
|
|a Bratislava :
|b Obzor,
|c 1985
|
| 300 |
|
|
|a 528 s.
|
| 490 |
1 |
|
|a Postavy a osudy
|
| 700 |
1 |
|
|a Szabová, Naďa
|7 jx20040130029
|4 trl
|
| 830 |
|
0 |
|a Postavy a osudy
|
| 910 |
|
|
|a BOA001
|b 2-0893.511
|
| 990 |
|
|
|a BK
|
| 996 |
7 |
|
|b 2619724708
|c 2-0893.511
|l MZK
|r Sklad / do 1 hodiny
|n 7
|w 000427060
|u 000010
|a 1
|e BOA001
|j MZK50
|s A
|